000 02279cam a22004934i 4500
003 PE-LiUPU
005 20250731184522.0
008 150617s r 000 0 d
035 _a(Sirsi) a18766
040 _aPE-LiUPU
_bspa
_cPE-LiUPU
_erda
049 _aPRUA
082 0 4 _a985.022
_bC26
_221
100 1 _aCarrillo Espejo, Francisco E.,
_d1925-1999,
_eautor.
245 1 0 _aCronistas de las Guerras Civiles, asi como del levantamiento de Manco Inca y el de don Lope de Aguirre llamado la ira de dios /
_cFrancisco E. Carrillo Espejo.
264 1 _aLima :
_bHorizonte,
_c1989.
300 _a369 páginas ;
_c20 cm
336 _atext
_2rdacontent
337 _aunmediated
_2rdamedia
338 _avolume
_2rdacarrier
490 0 _aEnciclopedia histórica de la literatura peruana ;
_v3
504 _aIncluye bibliografía.
505 0 _aCronistas de las guerras civiles -- La anónima relación del sitio del Cuzco -- Alonso Boregán -- Pedro Cieza de León -- Agustín de Zárate -- Juan Cristóbal Calvete de Estrella -- Pedro Gutiérrez de Santa Clara -- Diegoi Fernández, el palentino -- Anónima relación de las cosas del Perú desde 1543 hasta la muerte de Gonzalo Pizarro -- Pedro López -- Francisco López de Gómara -- Crónicas sobre Lope de Aguirre -- Gonzalo de Zúñiga -- Francisco Vásquez y Pedrarias de Almesto -- Toribio de Ortiguera -- Crónica anónima -- Custodio Hernández -- Diego de Aguilar y Córdoba -- Felipe Segundo.
526 _aP136
526 _aP135
526 _aP134
526 _aP133
526 _aP144
526 _aP143
526 _aP87
526 _aP35
526 _aP20
526 _aP14
526 _aP10
526 _aP06
650 0 4 _aCronistas.
651 _aPerú
_xHistoria
_yGuerras civiles, 1537-1555
_vCrónicas.
910 _ajck
_bjvq
_cjck
_d20150616
942 _2ddc
_cBOOK
949 _a985.022 C26
_wDEWEY
_c1
_i36174
_lCCODEBUL1
_mBUL
_p00.00
_r0
_sY
_tBOOK
_u19940815
_xEDUCACION
_zUNKNOWN
_0COMPRA
_o.STAFF. Colección General
994 _aC0
_bPEPRU
596 _a1
999 _a985.022 C26
_wDEWEY
_c18493
_i36174
_f2021-11-8
_g5
_lCCODEBUL1
_mBUL
_r0
_sY
_tBOOK
_u2015-6-17
_xBIBLIOTECA
_zUNKNOWN
_0COMPRA
_o.STAFF. Colección General
_d18493
980 _81
_gALBERTO SANCHEZ Responsable de Automatización